[Event "22nd Hogeschool Zeeland 2018"]
[Site "Vlissingen"]
[Date "2018.08.04"]
[Round "1"]
[White "Smink, Meinte"]
[Black "Shyaamnikhil P"]
[Result "0-1"]
[WhiteElo "1820"]
[BlackElo "2389"]
[Annotator "NA"]
[PlyCount "76"]
[EventDate "2018.08.04"]
[EventType "swiss"]
[EventCountry "NED"]
[SourceTitle "playchess.com"]
[Source "ChessBase"]
[SourceQuality "1"]
[TimeControl "40/5400+30:1800+30"]

{[%evp 17,76,0,15,-12,-11,-36,-44,-58,-52,-81,-75,-62,-64,-68,-77,-69,-65,-63,-37,-44,-19,-37,0,-18,0,0,0,0,0,0,15,0,0,0,-6,-4,24,-8,-7,-34,-20,-98,-82,-119,-114,-121,-133,-175,-164,-203,-200,-195,-192,-346,-282,-634,-643,-615,-600,-580,-567]} 1. d4 {[%emt 0:00:00]} Nf6 {[%emt 0:00:00]} 2. c4 {[%emt 0:00:00]} e6 {[%emt 0:00:09]} 3. Nc3 {[%emt 0:00:00]} Bb4 {[%emt 0:00:05]} 4. f3 {[%emt 0:00:27]} d5 {[%emt 0:01:27]} 5. a3 {[%emt 0:00:18]} Bxc3+ {[%emt 0:00:36]} 6. bxc3 {[%emt 0:00:13]} c5 {[%emt 0:00:10]} 7. cxd5 {[%emt 0:00:44]} Nxd5 {[%emt 0:00:06]} 8. dxc5 {[%emt 0:01:01]} f5 {[%emt 0:00:15]} 9. Nh3 {[%emt 0:04:05]} Qa5 {[%emt 0:01:35] LiveBook: 36 Games. E25: Nimzo-Indian: Sämisch: 5...c5 6 f3 d5 7 cxd5} 10. Qd3 {[%emt 0:12:34]} Nd7 {[%emt 0:04:35]} 11. e4 $146 {[%emt 0:03:54]} ({Predecessor:} 11. e3 Nxc5 12. Qb5+ Qxb5 13. Bxb5+ Bd7 14. Bxd7+ Kxd7 15. Nf4 Nb6 16. e4 fxe4 17. Be3 {0-1 (48) Galojan,L (2383)-Zhao,X (2541) Mardin 2011}) 11... fxe4 {[%emt 0:02:21] Black is slightly better.} 12. fxe4 {[%emt 0:01:01]} N5f6 {[%emt 0:00:08]} 13. Nf2 {[%emt 0:07:47]} O-O {[%emt 0:01:10]} 14. Be2 {[%emt 0:05:00]} Nxc5 {[%emt 0:00:12]} 15. Qc2 {[%emt 0:00:39]} Bd7 {[%emt 0:06:43]} 16. O-O {[%emt 0:02:57]} Ba4 {[%emt 0:00:28]} 17. Qb2 {[%emt 0:03:22]} Nfxe4 {[%emt 0:06:24]} 18. Be3 {[%emt 0:05:20]} Nxf2 {[%emt 0:04:19]} 19. Bxf2 {[%emt 0:02:18]} Bc6 {[%emt 0:06:13]} 20. Bd4 {[%emt 0:06:31]} Nd7 {[%emt 0:05:31]} 21. Bc4 {[%emt 0:04:50]} Bd5 {[%emt 0:01:29]} 22. Bxd5 {[%emt 0:02:59]} Qxd5 {[%emt 0:01:47] [#]} 23. c4 $1 {[%emt 0:01:28]} Qc6 {[%emt 0:05:28]} (23... Qxc4 24. Bxg7) 24. Bxg7 {[%emt 0:02:58]} Qb6+ {[%emt 0:00:56]} 25. Bd4 {[%emt 0:02:33]} Qxb2 {[%emt 0:00:18]} 26. Bxb2 {[%emt 0:00:06]} Rac8 {[%emt 0:00:29]} 27. Rxf8+ {[%emt 0:04:54]} (27. Rfe1 {looks sharper.} Nc5 28. Rad1 Rcd8 29. Rd4 Rxd4 30. Bxd4 Rf5 31. Rf1) 27... Kxf8 $11 {[%emt 0:00:07] Endgame KRB-KRN} 28. Rc1 {[%emt 0:01:15]} e5 {[%emt 0:08:02]} 29. g4 {[%emt 0:03:44]} (29. Re1 $11 {was the only way to keep the balance.}) 29... Kf7 $17 {[%emt 0:00:10]} 30. h3 {[%emt 0:02:59]} Ke6 {[%emt 0:00:07]} 31. Kf1 {[%emt 0:02:56] [#]} Nb6 $1 {[%emt 0:00:07]} 32. Ke2 {[%emt 0:04:05]} Nxc4 {[%emt 0:00:30]} 33. Rc2 {[%emt 0:01:25]} b5 {[%emt 0:01:18]} 34. Bc1 {[%emt 0:01:00]} a5 {[%emt 0:01:55]} 35. Kd3 $2 {[%emt 0:02:06]} (35. Bd2) 35... Kd5 $19 {[%emt 0:00:08]} 36. g5 $2 {[%emt 0:01:20]} (36. Rf2) 36... e4+ {[%emt 0:00:09] Black is clearly winning.} 37. Ke2 {[%emt 0:00:18]} b4 {[%emt 0:00:08]} 38. axb4 {[%emt 0:01:38]} axb4 {[%emt 0:00:06] Precision: White = 18%, Black = 53%.} 0-1

[Event "22nd Hogeschool Zeeland 2018"]
[Site "Vlissingen"]
[Date "2018.08.04"]
[Round "1"]
[White "Verhoef, Harry"]
[Black "Romanishin, Oleg M"]
[Result "0-1"]
[WhiteElo "1820"]
[BlackElo "2441"]
[Annotator "TA"]
[PlyCount "50"]
[EventDate "2018.08.04"]
[EventType "swiss"]
[EventCountry "NED"]
[SourceTitle "playchess.com"]
[Source "ChessBase"]
[SourceQuality "1"]

{[%evp 14,50,-7,-10,-2,-31,-4,-3,0,-34,-37,-72,-66,-63,-16,-14,-12,-58,-43,-87,-84,-158,-158,-167,-159,-150,-149,-157,-131,-164,-149,-960,-958,-937,-899,-917,-881,-1560,-1549]} 1. e4 c5 2. d3 Nc6 3. f4 e6 4. Nf3 d5 5. Be2 g6 (5... Nf6 6. e5 Nd7 7. c3 b5 8. O-O Be7 9. Be3 Rb8 10. Nbd2 a5 11. d4 b4 12. c4 cxd4 13. Nxd4 Nxd4 14. Bxd4 {0-1 (47) Kovalev,V (2639)-Ganguly,S (2650) Riadh 2017}) 6. O-O {B21: Sizilianisch (Morra-Gambit 2.d4 und 2.f4)} Bg7 7. Kh1 Nge7 8. c3 {LiveBook: 3 Partien. Die Stellung ist ausgeglichen.} O-O 9. Be3 d4 $146 ({Vorgänger:} 9... b6 10. Qc2 Bb7 11. Ng5 Qd7 12. Nd2 Rad8 13. Ndf3 h6 {½-½ (41) Segal,N (2177)-Kangur,A (2265) Tallinn 2000}) 10. Bf2 e5 11. fxe5 Nxe5 12. cxd4 Nxf3 13. Bxf3 cxd4 14. Nd2 Nc6 15. Nc4 Be6 16. b3 {[#]} b5 $1 {[%cal Rb5c4]} 17. Nb2 (17. Na3 $142) 17... Rc8 $17 18. Bg4 Bxg4 19. Qxg4 Nb4 20. Bh4 Qd6 21. Bg3 Qc6 22. Rfc1 $2 {[%mdl 8192] [#]} (22. Qg5 $17) 22... Qxc1+ $19 {Schwarz steht klar auf Gewinn.} 23. Rxc1 Rxc1+ 24. Nd1 Nxd3 25. Qf3 Nb2 {Precision: Weiß = 11%, Schwarz = 76%.} 0-1

[Event "22nd Hogeschool Zeeland 2018"]
[Site "Vlissingen"]
[Date "2018.08.04"]
[Round "1"]
[White "Van Gemert, Jean-Pierre"]
[Black "Timmermans, Mark"]
[Result "0-1"]
[WhiteElo "1811"]
[BlackElo "2383"]
[Annotator "NA"]
[PlyCount "54"]
[EventDate "2018.08.04"]
[EventType "swiss"]
[EventCountry "NED"]
[SourceTitle "playchess.com"]
[Source "ChessBase"]
[SourceQuality "1"]
[TimeControl "40/5400+30:1800+30"]

{[%evp 14,54,44,42,54,57,55,58,48,47,65,16,11,0,0,0,0,-33,-32,-32,-31,-36,-31,-41,-57,-108,-116,-143,-134,-273,-268,-460,-445,-481,-468,-507,-501,-529,-517,-610,-625,-29994,-29995]} 1. d4 {[%emt 0:00:00]} Nf6 {[%emt 0:01:52]} 2. Nf3 {[%emt 0:00:00]} d5 {[%emt 0:00:20]} 3. Bf4 {[%emt 0:00:12]} c5 {[%emt 0:00:42]} 4. c3 {[%emt 0:00:28]} Nc6 {[%emt 0:00:17]} 5. e3 {[%emt 0:00:08]} Qb6 {[%emt 0:01:51]} 6. Qc2 {[%emt 0:02:55]} Bf5 {[%emt 0:00:37] D02: 1 d4 d5 2 Nf3 sidelines, including 2...Nf6 3 g3 and 2...Nf6 3 Bf4} (6... g6 7. Nbd2 Bg7 8. Be2 O-O 9. O-O Bf5 10. dxc5 Qxc5 11. Qb3 Ne4 12. Nxe4 Bxe4 13. Bg3 Na5 14. Qb5 Qxb5 15. Bxb5 {0-1 (94) Hoang,T (2423)-Galyas,M (2517) Ajka 2018}) 7. dxc5 {[%emt 0:05:46]} Bxc2 {[%emt 0:00:33]} 8. cxb6 {[%emt 0:02:52] LiveBook: 8 Games} Bxb1 {[%emt 0:04:10] White is slightly better.} 9. Rxb1 {[%emt 0:00:46]} axb6 {[%emt 0:00:04]} 10. a3 {[%emt 0:00:15]} e6 {[%emt 0:01:33]} 11. Bb5 {[%emt 0:03:26]} Be7 {[%emt 0:02:29]} 12. a4 $146 {[%emt 0:09:36]} ({Predecessor:} 12. Ne5 O-O 13. Bxc6 bxc6 14. Nxc6 {1-0 (35) Elnaami,H (1913)-Shaker,M (1734) Sharjah 2018}) 12... O-O {[%emt 0:02:21]} 13. O-O {[%emt 0:05:22]} Ne4 {[%emt 0:01:42]} 14. Bc7 {[%emt 0:05:39]} Bd8 {[%emt 0:00:05]} 15. Bf4 {[%emt 0:00:33]} g5 {[%emt 0:00:19]} 16. Bg3 $1 {[%emt 0:03:08]} h5 {[%emt 0:02:53]} 17. h3 $1 {[%emt 0:05:25]} h4 $36 {[%emt 0:07:26] White is under pressure.} 18. Bh2 $1 {[%emt 0:02:25]} f5 {[%emt 0:00:18] Strongly threatening ...g4.} 19. Rbd1 {[%emt 0:04:47]} (19. g3 $15) 19... g4 $17 {[%emt 0:02:13]} 20. hxg4 {[%emt 0:05:36]} fxg4 {[%emt 0:00:05]} 21. Ne5 {[%emt 0:05:06]} (21. Nd4 $17 g3 22. Nxe6 gxh2+ 23. Kxh2 Nxf2 24. Nxf8 Nxd1 25. Ne6 Nxb2 26. Rf8+ Kh7 27. Kh3) 21... g3 $19 {[%emt 0:00:47]} 22. Nxc6 $2 {[%emt 0:04:27] [#]} (22. Ng4) 22... bxc6 {[%emt 0:02:20]} (22... gxh2+ $2 23. Kxh2 bxc6 24. Bxc6 $19 Ra7 25. f3 $19) 23. Bxc6 {[%emt 0:00:14] Threatens to win with fxg3.} gxf2+ {[%emt 0:03:34]} 24. Rxf2 {[%emt 0:03:43]} Nxf2 {[%emt 0:02:39]} (24... Rxf2 25. Bxa8 Rxb2 26. Be5 $17) 25. Rf1 {[%emt 0:05:19] [#]} Bg5 $1 {[%emt 0:00:06]} ({Less strong is} 25... Rc8 26. Bd7 $15) 26. Bd6 {[%emt 0:03:54]} Bxe3 {[%emt 0:03:17] ( -> ...Ng4+)} 27. Bxa8 {[%emt 0:01:55]} Ng4+ {[%emt 0:00:08] Precision: White = 32%, Black = 97%.} 0-1

[Event "22nd Hogeschool Zeeland 2018"]
[Site "Vlissingen"]
[Date "2018.08.04"]
[Round "1"]
[White "Melger, Ron"]
[Black "Grooten, Herman"]
[Result "0-1"]
[WhiteElo "1805"]
[BlackElo "2374"]
[Annotator "NA"]
[PlyCount "66"]
[EventDate "2018.08.04"]
[EventType "swiss"]
[EventCountry "NED"]
[SourceTitle "playchess.com"]
[Source "ChessBase"]
[SourceQuality "1"]
[TimeControl "40/5400+30:1800+30"]

{[%evp 17,66,10,14,-5,-6,-11,21,0,0,0,5,-41,-45,-60,-64,-123,-109,-202,-214,-370,-350,-345,-260,-700,-587,-1187,-1145,-1760,-1743,-1722,-1761,-1980,-1976,-29987,-1327,-1293,-1291,-1251,-1258,-1201,-1172,-1381,-1259,-1791,-1800,-29986,-29987,-29987,-29988,-29995,-1024]} 1. d4 {[%emt 0:00:00]} Nf6 {[%emt 0:00:00]} 2. Nf3 {[%emt 0:00:32]} e6 {[%emt 0:00:00]} 3. c4 {[%emt 0:01:30]} b6 {[%emt 0:00:00]} 4. Nc3 {[%emt 0:00:53]} Bb4 {[%emt 0:00:07]} 5. Bg5 {[%emt 0:02:05]} Bxc3+ {[%emt 0:01:44]} 6. bxc3 {[%emt 0:00:13]} Bb7 {[%emt 0:00:07]} 7. e3 {[%emt 0:06:14]} h6 {[%emt 0:00:45]} 8. Bh4 {[%emt 0:02:47]} d6 {[%emt 0:00:21]} 9. Nd2 {[%emt 0:12:49]} e5 {[%emt 0:02:05] LiveBook: 11 Games. E13: Queen's Indian/Nimzo-Indian hybrid: 4 Nc3 Bb7 5 Bg5 h6 6 Bh4 Bb4} 10. d5 $146 {[%emt 0:02:19]} ({Predecessor:} 10. c5 exd4 11. cxd4 dxc5 12. dxc5 Nbd7 13. Rc1 Nxc5 14. Rxc5 bxc5 15. Bb5+ Kf8 16. Qc2 Qd5 17. f3 {1-0 (45) Adianto,U (2580)-Jenni,F (2481) Biel 2006}) 10... Nbd7 {[%emt 0:00:40]} 11. Bd3 {[%emt 0:09:31]} Bc8 {[%emt 0:07:02] The position is equal.} 12. O-O {[%emt 0:04:44]} g5 {[%emt 0:01:40]} 13. Bg3 {[%emt 0:00:57]} Nc5 {[%emt 0:00:30]} 14. Qc2 {[%emt 0:01:26]} Qe7 {[%emt 0:10:01]} 15. f3 {[%emt 0:20:03]} h5 {[%emt 0:01:30]} 16. h4 {[%emt 0:05:16]} (16. Bf2 $15) 16... Ng8 {[%emt 0:02:11]} 17. hxg5 {[%emt 0:07:22]} (17. Bf2 $17 {might work better.}) 17... Qxg5 $19 {[%emt 0:00:11]} 18. Bf2 $2 {[%emt 0:00:35]} (18. Kf2) 18... Bh3 {[%emt 0:00:45] [#]} 19. g3 {[%emt 0:03:02]} h4 {[%emt 0:02:54]} 20. f4 $2 {[%emt 0:03:07]} (20. g4 Nxd3 21. Qxd3 Bxf1 22. Rxf1) 20... Qg4 {[%emt 0:03:33]} 21. Be4 {[%emt 0:04:21]} hxg3 {[%emt 0:00:31]} 22. Be1 {[%emt 0:01:03]} Qe2 {[%emt 0:07:24]} 23. Bxg3 {[%emt 0:01:36]} Qxe3+ {[%emt 0:01:26]} 24. Bf2 {[%emt 0:01:05]} Qxf4 {[%emt 0:00:08] ( -> ...Qg5+)} 25. Bg2 {[%emt 0:01:22]} Qg4 {[%emt 0:00:25]} (25... Bxg2 $142 26. Bh4 Qxh4 27. Qf5 Qh2+ 28. Kf2 Bxf1+ 29. Kxf1 Qh1+ 30. Ke2 Rh2+ 31. Qf2 Rxf2+ 32. Kxf2 Qxa1 33. Nf3 Qxc3 34. a4 Ne4+ 35. Ke2 Qc2+ 36. Ke1 Qd3 37. a5 Qxf3 38. axb6 Qf2+ 39. Kd1 Qd2#) 26. Bg3 {[%emt 0:03:03]} Qxg3 {[%emt 0:00:12]} 27. Ne4 {[%emt 0:00:24]} Nxe4 {[%emt 0:00:27]} 28. Qxe4 {[%emt 0:00:10]} Ne7 {[%emt 0:05:38]} 29. Rf2 {[%emt 0:02:01]} f5 {[%emt 0:00:42]} 30. Qc2 {[%emt 0:00:33]} Bg4 {[%emt 0:01:52]} 31. Qa4+ {[%emt 0:01:29]} Kf7 {[%emt 0:01:10] Black mates.} 32. Qd7 {[%emt 0:00:44]} f4 {[%emt 0:00:12]} 33. Qa4 {[%emt 0:00:41] [#]} Rh1+ $1 {[%emt 0:50:17] Precision: White = 13%, Black = 59%.} 0-1

[Event "22nd Hogeschool Zeeland 2018"]
[Site "Vlissingen"]
[Date "2018.08.05"]
[Round "2"]
[White "Mareco, Sandro"]
[Black "Hesse, Henrik"]
[Result "0-1"]
[WhiteElo "2643"]
[BlackElo "2137"]
[Annotator "TA"]
[PlyCount "83"]
[EventDate "2018.08.04"]
[EventType "swiss"]
[EventCountry "NED"]
[SourceTitle "playchess.com"]
[Source "ChessBase"]
[SourceQuality "1"]

{[%evp 15,83,0,0,-10,-27,-14,0,-16,0,-29,-25,-18,-15,-27,-28,-78,-12,-48,-40,-74,-74,-67,-68,-68,-67,-79,-61,-68,-37,-41,0,0,0,0,0,0,0,0,416,412,483,461,454,461,557,554,633,630,798,797,833,642,631,631,612,587,925,923,899,870,930,931,945,932,920,916,1354,1217,1463,1457]} 1. c4 Nf6 {[%cal Bg8f6,Bf6e4,Be4c3][%mdl 32]} 2. Nc3 e6 3. Nf3 d5 4. d4 dxc4 5. e4 Bb4 6. Bxc4 {D24: Angenommenes Damengambit} Nxe4 7. O-O Bxc3 (7... Nf6 8. Qa4+ Nc6 9. Ne5 Rb8 10. d5 exd5 11. Nxd5 Nxd5 12. Nxc6 bxc6 13. Qxc6+ Qd7 14. Bxd5 {½-½ (28) Aronian,L (2764)-Caruana,F (2822) Stavanger 2018}) 8. bxc3 Nxc3 {LiveBook: 9 Partien} 9. Qd3 Nd5 10. Ba3 Nc6 $146 ({Vorgänger:} 10... f6 11. Rfe1 Kf7 12. Re4 c6 13. Rae1 b5 {½-½ (27) Fier,A (2603)-Gharamian,T (2676) Le Port Marly 2012}) 11. Rfe1 (11. Bxd5 $5 Qxd5 12. Rac1 $15) 11... Nce7 12. Rac1 c6 13. Ng5 h6 14. Ne4 $1 {[%cal Re4d6]} O-O $1 15. Bb3 b5 (15... f5 $17 16. Nd6 Rf6) 16. Bc5 (16. Bxd5 $5 cxd5 17. Nd6 $15) 16... a5 17. Bc2 f5 18. Nd2 {[%cal Be4d2,Bd2f3,Bf3e5][%mdl 32]} Rf6 19. Nf3 Ng6 {[%cal Be7g6,Bg6f4,Bf4h3][%mdl 32]} 20. Qd2 Ngf4 21. Ne5 Qe8 22. Bd1 g5 23. g3 Nh3+ 24. Kg2 g4 25. f3 $36 {[%cal Bf2f3,Bf3g4][%mdl 2080] Weiss hat Initiative.} h5 26. Rf1 {[%cal Rf3g4]} f4 $2 {[%mdl 8192]} (26... Qd8 $11 {und Schwarz ist OK.}) 27. fxg4 $18 Ne3+ {[#]} 28. Qxe3 $1 {[%mdl 512] Weiß steht klar auf Gewinn.} fxe3 29. Rxf6 hxg4 30. Rg6+ Kh8 31. Bxg4 Nf2 32. Bh5 Kh7 {[#]} 33. Rg7+ $1 {[%mdl 512]} Kxg7 34. Bxe8 Bb7 35. Bh5 Rh8 36. Bf3 Nh3 37. Be7 Re8 38. Bh4 Nf2 39. Re1 c5 40. dxc5 Bxf3+ 41. Kxf3 Rf8+ 42. Kxe3 {[%mdl 32768] Precision: Weiß = 71%, Schwarz = 47%. . Sensor Board Error (Ke4/e5)?} 0-1

[Event "22nd Hogeschool Zeeland 2018"]
[Site "Vlissingen"]
[Date "2018.08.05"]
[Round "2"]
[White "Van Foreest, Jorden"]
[Black "Merbis, Max"]
[Result "1-0"]
[WhiteElo "2636"]
[BlackElo "2136"]
[Annotator "TA"]
[PlyCount "69"]
[EventDate "2018.08.04"]
[EventType "swiss"]
[EventCountry "NED"]
[SourceTitle "playchess.com"]
[Source "ChessBase"]
[SourceQuality "1"]

{[%evp 21,69,33,24,28,24,14,39,13,35,25,25,20,25,20,44,20,27,21,25,21,39,7,36,41,87,75,102,49,50,21,118,65,62,54,69,69,370,372,379,228,225,228,209,220,219,221,220,216,252,246]} 1. e4 e5 2. Nf3 Nc6 3. Bb5 a6 4. Ba4 Nf6 5. d3 b5 6. Bb3 Be7 7. O-O d6 8. a3 O-O 9. Nc3 Be6 {C77: Spanische Partie (Anderssen-Variante)} (9... Na5 10. Ba2 Be6 11. b4 Bxa2 12. Rxa2 Nc6 13. Bg5 Ng4 14. Bd2 Nf6 15. Bg5 Ng4 16. Bd2 Nf6 17. Bg5 {½-½ (17) Vachier Lagrave,M (2789)-Carlsen,M (2843) Stavanger 2018}) 10. Nd5 h6 11. c3 Re8 {LiveBook: 3 Partien. Weiß steht etwas besser.} 12. Be3 Bf8 13. Nd2 $146 ({Vorgänger:} 13. a4 Bxd5 14. exd5 Ne7 15. axb5 axb5 16. c4 Qb8 17. Nd2 Rxa1 18. Qxa1 {0-1 (44) Osmak,I (2405)-Sabuk,P (2312) Lvov 2015}) 13... Ng4 14. a4 {[#] Droht stark axb5.} Qd7 (14... Qh4 $2 15. Nf3 $18) 15. h3 Nxe3 16. Nxe3 Bxb3 17. Qxb3 Ne7 18. Ra2 c6 19. Rfa1 {axb5 ist eine echte Drohung.} Rab8 20. axb5 axb5 21. h4 Ng6 22. g3 Be7 23. Nf5 $36 {[%mdl 2048] Schwarz muss aufpassen.} Rb7 24. Nf1 (24. Ra8 $16) 24... Nf8 $14 25. Ra6 Bf6 (25... Ne6 $11) 26. Qa3 (26. N1e3 $16) 26... Rd8 27. N1e3 h5 28. d4 $1 {[%cal Bd3d4,Bd4d5][%mdl 32] Schwarz muss nun d5 beachten.} Qc7 $2 {[%mdl 8192]} ({Lieber} 28... b4 $1 $14 29. Qa5 (29. cxb4 exd4 30. Nc4 d5 $14) 29... bxc3 30. bxc3 (30. Qxc3 $2 exd4 31. Qxc6 Qxc6 $19) 30... exd4 31. Nxd4 (31. cxd4 Ne6 $14) 31... Bxd4 32. cxd4 d5) 29. d5 $18 c5 {Schwarz hofft, mit ...g6 fortzusetzen.} 30. Qa5 Qxa5 31. R1xa5 ({Schlechter ist} 31. R6xa5 g6 $11) 31... Rbd7 {[#]} 32. Nc2 $1 ({Jedoch nicht} 32. Rxb5 $6 g6 $16) 32... g6 33. Nfe3 Rb8 34. Na3 b4 35. Rb5 {Precision: Weiß = 60%, Schwarz = 44%.} 1-0

[Event "22nd Hogeschool Zeeland 2018"]
[Site "Vlissingen"]
[Date "2018.08.05"]
[Round "2"]
[White "Ikonnikov, Vyacheslav"]
[Black "Boelhouwer, Collin"]
[Result "1-0"]
[WhiteElo "2546"]
[BlackElo "2128"]
[Annotator "TA"]
[PlyCount "47"]
[EventDate "2018.08.04"]
[EventType "swiss"]
[EventCountry "NED"]
[SourceTitle "playchess.com"]
[Source "ChessBase"]
[SourceQuality "1"]

{[%evp 18,47,33,14,40,26,66,28,68,36,50,12,186,14,350,354,344,364,350,357,356,357,337,337,829,740,694,728,1178,1154,5473,2879]} 1. d4 Nf6 2. Nf3 e6 3. c4 Bb4+ 4. Bd2 c5 5. Bxb4 cxb4 6. g3 O-O 7. Bg2 d6 8. Nbd2 a5 {E11: Damenindisch (Bogoljubow-Variante)} (8... Nc6 9. O-O e5 10. d5 Nb8 11. a3 Na6 12. Ne1 Qb6 13. Nd3 Bf5 14. e4 Bg4 15. Bf3 Bxf3 16. Qxf3 Nd7 17. Qe3 Ndc5 18. Nxc5 Nxc5 {½-½ (31) Wang,Y (2739)-Ivanchuk,V (2779) Linares 2009}) 9. O-O Qc7 10. Rc1 {LiveBook: 6 Partien} Na6 {Die Stellung ist ausgeglichen.} 11. Qc2 e5 $146 ({Vorgänger:} 11... h6 12. Ne4 {0-1 (12) Alayola Montanez,J (2084)-Quesada Perez,Y (2639) Merida 2013}) 12. e3 h6 13. Nh4 Be6 14. f4 Rac8 $2 (14... exd4 $11 {und Schwarz muss sich keine Sorgen machen.} 15. exd4 Rac8) 15. b3 $2 (15. fxe5 $18 dxe5 16. Ne4 Nxe4 17. Qxe4) 15... Bd7 $2 {[%mdl 8192] [#]} (15... exd4 $1 $11 16. exd4 b5) 16. fxe5 $1 $18 dxe5 {[#]} 17. Rxf6 $1 {[%mdl 512]} gxf6 18. Ne4 {[%cal Bd2e4,Be4f6,Bf6d5][%mdl 32]} Qd8 19. Rf1 f5 20. Nxf5 {[%cal Bh4f5,Bf5h6,Bh6f7][%mdl 32]} exd4 $2 (20... Rc6 21. dxe5 Bxf5) 21. Nxh6+ {Weiß steht klar auf Gewinn.} Kg7 22. Nf6 {[%csl Gf6][%cal Rc2h7]} Rh8 {[#]} 23. Nxf7 $1 {[%mdl 512]} Qe7 (23... Kxf7 24. Nxd7+) 24. Nd5 {Precision: Weiß = 51%, Schwarz = 14%.} 1-0

[Event "22nd Hogeschool Zeeland 2018"]
[Site "Vlissingen"]
[Date "2018.08.05"]
[Round "2"]
[White "Pruijssers, Roeland"]
[Black "Coenen, Eduard"]
[Result "1-0"]
[WhiteElo "2506"]
[BlackElo "2118"]
[Annotator "TA"]
[PlyCount "105"]
[EventDate "2018.08.04"]
[EventType "swiss"]
[EventCountry "NED"]
[SourceTitle "playchess.com"]
[Source "ChessBase"]
[SourceQuality "1"]

{[%evp 16,105,44,41,56,48,60,37,39,43,45,43,105,105,114,103,101,89,105,125,106,87,126,36,106,-80,-76,-69,0,0,0,0,0,0,0,0,0,0,0,0,0,0,0,0,0,0,0,0,0,0,0,0,0,0,0,0,0,0,0,0,0,0,0,0,0,0,0,0,0,0,97,102,496,491,443,389,578,303,393,179,1703,1700,1765,1697,12839,12839,12843,12843,12844,12843,12843,12843]} 1. e4 g6 2. d4 Bg7 3. Nc3 d6 4. h4 h5 5. Be3 a6 6. Qd2 b5 7. f3 Nd7 8. Nh3 Nb6 {B06: Modern Defence} 9. Ng5 {LiveBook: 7 Games} c6 10. Bd3 Rb8 $146 {White is slightly better.} ({Predecessor:} 10... Qc7 11. a4 b4 12. Ne2 a5 13. Nf4 Nh6 14. c4 bxc3 15. bxc3 e5 16. Ne2 {1-0 (41) Fedorchuk,S (2618)-Almeida Quintana,O (2548) Pamplona 2011}) 11. Ne2 Nc4 12. Bxc4 $1 bxc4 13. b3 f6 ({Black should try} 13... a5 $14) 14. Nh3 $16 Be6 15. d5 cxd5 16. exd5 Bxh3 17. Rxh3 f5 18. Bd4 Nf6 {[#]} 19. bxc4 ({Better is} 19. Qg5 $1 $16 {[%cal Rg5g6]} Rh6 20. Kf1 (20. bxc4 Qc7 $14)) 19... Qc8 (19... Bh6 $14 20. Qd3 O-O) 20. Nf4 $2 (20. Qc3 $16 {and life is bright.}) 20... Qxc4 $17 21. Ne6 Bh6 (21... Rg8 $15) 22. f4 $11 Kf7 23. Bxf6 $1 Kxf6 24. Qc3+ Qxc3+ 25. Rxc3 Rhc8 26. Rxc8 Rxc8 {[%mdl 4096] Endgame KRB-KRN} 27. Kd2 Rc4 28. g3 Ra4 $1 29. a3 Kf7 $1 30. Kd3 Bg7 31. c3 Ra5 32. Kc4 Ra4+ 33. Kb3 Ra5 34. Rd1 {And now c4 would win.} Rb5+ 35. Kc4 Bf6 36. a4 Rb2 37. Ra1 Re2 38. Rb1 {Rb8 is the strong threat.} Re4+ 39. Kd3 {aiming for Rb8.} Rxa4 40. Rb8 {[%csl Ge6][%cal Rb8f8]} Bg7 $1 41. Ng5+ Kf6 42. Rg8 Ra1 (42... Ra5 $11 43. Kd4 Bh6) 43. Kc4 $16 {[%mdl 1024] White has strong compensation.} Bh6 $2 {[%mdl 8192]} (43... Rd1 $16 {is tougher.}) 44. Ne6 $18 Re1 {[#]} 45. Rh8 $1 Re3 (45... Kf7 $142 46. Rh7+ (46. Rxh6 Rxe6 47. dxe6+ Kg7 $17) 46... Kg8 47. Rxe7 (47. Rxh6 Re4+ 48. Kb3 Rxe6 $17) 47... Rg1) 46. Kb4 ({Weaker is} 46. Rxh6 Re4+ 47. Kb3 Rxe6 $17) 46... a5+ 47. Kb5 (47. Kxa5 $142 Rd3 48. c4) 47... Re4 $2 (47... Kf7 48. Rh7+ (48. Rxh6 Rxe6 49. dxe6+ Kg7 $11) 48... Kg8 49. Rxe7 (49. Rxh6 Rxe6 50. dxe6 Kg7 $16) 49... Rxc3) 48. Kxa5 {White is clearly winning.} Kf7 49. Rxh6 Rxe6 50. dxe6+ Kg7 51. Kb5 {White wants to mate with Kc6!} Kxh6 52. Kc6 {Kd7 would kill now.} Kg7 53. Kd7 {Precision: White = 61%, Black = 44%.} 1-0

[Event "22nd Hogeschool Zeeland 2018"]
[Site "Vlissingen"]
[Date "2018.08.05"]
[Round "2"]
[White "Wan, Yunguo"]
[Black "Boulahfa, Hicham"]
[Result "1-0"]
[WhiteElo "2501"]
[BlackElo "2074"]
[Annotator "TA"]
[PlyCount "39"]
[EventDate "2018.08.04"]
[EventType "swiss"]
[EventCountry "NED"]
[SourceTitle "playchess.com"]
[Source "ChessBase"]
[SourceQuality "1"]

{[%evp 23,39,46,54,33,32,25,73,65,89,70,153,153,257,231,612,607,1373,1366]} 1. e4 c5 2. Nf3 Nc6 3. d4 cxd4 4. Nxd4 g6 5. c4 Bg7 6. Be3 Nf6 7. Nc3 Ng4 8. Qxg4 Nxd4 9. Qd1 e5 10. Bd3 O-O 11. O-O d6 12. Qd2 Be6 {LiveBook: 61 Games} 13. Bxd4 {B39: Sicilian: Maroczy Bind with 5...Bg7 and 7...Ng4} (13. b3 a6 14. Rad1 Qd7 15. Kh1 b5 16. Nd5 Bxd5 17. cxd5 f5 18. Bxd4 fxe4 19. Bxe5 Bxe5 20. Bxe4 Qg4 {½-½ (50) Bruzon Batista,L (2673)-Edouard,R (2612) Saint Louis 2018}) 13... exd4 14. Nd5 g5 $146 ({Predecessor:} 14... Re8 15. f4 Rc8 16. a3 f5 17. exf5 gxf5 {1-0 (35) Anderson,B (2326)-Somani,S (2357) ICCF WS 2006}) 15. g3 {White is better.} g4 16. h3 h5 ({Black should try} 16... gxh3 $14 17. Qf4 Rc8) 17. hxg4 $16 h4 (17... hxg4 $16 18. Kg2 Bxd5 19. exd5 Qf6) 18. f4 {[%cal Bf2f4,Bf4f5,Bf5f6][%mdl 32]} Bxg4 $2 ({Of course not} 18... hxg3 $6 19. Qg2) (18... Bxd5 19. cxd5 Qd7) 19. f5 $18 hxg3 {[#] ...Qh4 is the strong threat.} 20. f6 1-0